| 000 | 02132nam a22003617a 4500 | ||
|---|---|---|---|
| 001 | 100337 | ||
| 003 | KnowledgeUnlatched | ||
| 005 | 20210303105352.0 | ||
| 006 | m o d | ||
| 007 | cr u|||||||||| | ||
| 008 | 210129p20052017xxu o u00| u eng d | ||
| 035 | _a(OCoLC)987455594 | ||
| 037 | _5BiblioBoard | ||
| 245 | 0 | 0 |
_aConfronting the "Good Death" _bNazi Euthanasia on Trial, 1945-1953 / _cMichael S. Bryant. |
| 020 | _a9781607327080 | ||
| 029 | 1 | _ahttps://library.biblioboard.com/ext/api/media/abf6eb77-85b8-4300-b016-afc5496a402a/assets/thumbnail.jpg | |
| 040 |
_aScCtBLL _cScCtBLL |
||
| 100 | 1 |
_aBryant, Michael S. _eauthor. |
|
| 264 | 1 | _bUniversity Press of Colorado, | |
| 300 | _a1 online resource (281 p.) | ||
| 506 | 0 |
_aAccess copy available to the general public. _fUnrestricted _2star |
|
| 520 | _a"The scholarship devoted to the complicity of German physicians in the Holocaust is rich and detailed, but there remains, as Michael Bryant demonstrates, still more to learn. It is well established that the techniques employed by the Nazis to exterminate Jews and others in concentration camps were first applied to people in state hospitals who were deemed mentally disabled or terminally ill. What has been less thoroughly investigated is the postwar response of both the Allies and the Germans to these atrocities. Bryant fills the gap with a systematic account of the judicial proceedings against those charged with killing the disabled." New England Journal of Medicine | ||
| 588 | 0 | _aDescription based on print version record. | |
| 590 | _aKU Select 2016 Backlist Collection | ||
| 650 | 7 |
_aHistory / Military / World War Ii _2bisacsh |
|
| 650 | 0 | _aHistory | |
| 655 | 0 | _aElectronic books. | |
| 758 |
_iIs found in: _aKnowledge Unlatched _1https://openresearchlibrary.org/module/2774bc74-146a-484f-a7ba-ab1d6a09bbfb |
||
| 856 | 4 | 0 |
_uhttps://openresearchlibrary.org/content/abf6eb77-85b8-4300-b016-afc5496a402a _zView this content on Open Research Library. _70 |
| 999 |
_c25169 _d25169 |
||